<?xml version="1.0" encoding="UTF-8"?>
<record
    xmlns:xsi="http://www.w3.org/2001/XMLSchema-instance"
    xsi:schemaLocation="http://www.loc.gov/MARC21/slim http://www.loc.gov/standards/marcxml/schema/MARC21slim.xsd"
    xmlns="http://www.loc.gov/MARC21/slim">

  <leader>01973cab a2200289Ia 45 0</leader>
  <controlfield tag="001">u189611</controlfield>
  <controlfield tag="003">SIRSI</controlfield>
  <controlfield tag="008">110216s2010    ua     ss b         eng d</controlfield>
  <datafield tag="040" ind1=" " ind2=" ">
    <subfield code="a">EAL</subfield>
  </datafield>
  <datafield tag="041" ind1=" " ind2=" ">
    <subfield code="a">eng</subfield>
    <subfield code="b">ara</subfield>
  </datafield>
  <datafield tag="090" ind1=" " ind2=" ">
    <subfield code="a">ART MJAR V35 No6 15</subfield>
  </datafield>
  <datafield tag="100" ind1="1" ind2=" ">
    <subfield code="a">Fayed, R. I. </subfield>
  </datafield>
  <datafield tag="240" ind1="1" ind2="0">
    <subfield code="a">Minufiya journal of agricultural research, 2010 v. 35 (6)</subfield>
    <subfield code="h">[electronic resource].</subfield>
  </datafield>
  <datafield tag="245" ind1="1" ind2="0">
    <subfield code="a">Prediction of salinity and ion concentrations in saturation paste using 1:1 soil: water extracts in lacustrine soils of Egypt</subfield>
    <subfield code="h">[electronic resource].</subfield>
  </datafield>
  <datafield tag="246" ind1="1" ind2="5">
    <subfield code="a">&#x627;&#x644;&#x62A;&#x646;&#x628;&#x624; &#x628;&#x645;&#x644;&#x648;&#x62D;&#x629; &#x627;&#x644;&#x62A;&#x631;&#x628;&#x629; &#x648;&#x62A;&#x631;&#x643;&#x64A;&#x632; &#x627;&#x644;&#x623;&#x64A;&#x648;&#x646;&#x627;&#x62A; &#x641;&#x649; &#x639;&#x62C;&#x64A;&#x646;&#x629; &#x627;&#x644;&#x623;&#x631;&#x636; &#x627;&#x644;&#x645;&#x634;&#x628;&#x639;&#x629; &#x645;&#x633;&#x62A;&#x62E;&#x62F;&#x645;&#x627; &#x645;&#x633;&#x62A;&#x62E;&#x644;&#x635; 1:1 &#x62A;&#x631;&#x628;&#x629; :&#x645;&#x627;&#x621; &#x641;&#x649; &#x627;&#x644;&#x623;&#x631;&#x627;&#x636;&#x649; &#x627;&#x644;&#x628;&#x62D;&#x64A;&#x631;&#x64A;&#x629; &#x628;&#x645;&#x635;&#x631;.</subfield>
  </datafield>
  <datafield tag="300" ind1=" " ind2=" ">
    <subfield code="a">p.2229-2243.</subfield>
  </datafield>
  <datafield tag="504" ind1=" " ind2=" ">
    <subfield code="a">Includes references.</subfield>
  </datafield>
  <datafield tag="520" ind1=" " ind2=" ">
    <subfield code="a">Saturated paste (SP) and 1:1 soil: water extractions are commonly used to assess soil salinity and ion concentrations in laboratory. Despite, the differences In results between the two methods, many soil salinity samples are analyzed using a 1:1 extract because of simple, rapid, low-cost and well handing procedure for screening problems of soil salinity in different sites. The aims of the present study are to predict the electrical conductivity (EC) and Na&#x207A;&#xB2;, Ca&#xB2;&#x207A; ,Mg&#xB2;&#x207A; and C&#x393; concentrations for the soil saturation paste extract by means of 1:1 soil: water extract data using simple regression equations. This study examined these relationships using 180 samples from agricultural soils developed from lacustrine deposits at El-Bosaily Village south of Idko Lake.</subfield>
  </datafield>
  <datafield tag="546" ind1=" " ind2=" ">
    <subfield code="a">Summary in Arabic.</subfield>
  </datafield>
  <datafield tag="650" ind1=" " ind2="0">
    <subfield code="a">Soils, Salts in.</subfield>
  </datafield>
  <datafield tag="650" ind1=" " ind2="3">
    <subfield code="a">lacustrine soils.</subfield>
  </datafield>
  <datafield tag="700" ind1="1" ind2=" ">
    <subfield code="a">Rateb, K. A.</subfield>
  </datafield>
  <datafield tag="700" ind1="1" ind2=" ">
    <subfield code="a">El-Kouny, H. M.</subfield>
  </datafield>
  <datafield tag="773" ind1="0" ind2=" ">
    <subfield code="t">Minufiya Journal of Agricultural Research. </subfield>
    <subfield code="g">2010. v.35(6)</subfield>
    <subfield code="x">1110-0265</subfield>
    <subfield code="7">nnas</subfield>
    <subfield code="w">u158151</subfield>
  </datafield>
  <datafield tag="856" ind1="4" ind2="0">
    <subfield code="u">http://nile.enal.sci.eg/EALE/2010/MJAR/3510/6/2229.pdf</subfield>
    <subfield code="z">Full Text Article</subfield>
  </datafield>
  <datafield tag="596" ind1=" " ind2=" ">
    <subfield code="a">1</subfield>
  </datafield>
  <datafield tag="942" ind1=" " ind2=" ">
    <subfield code="c">AR</subfield>
    <subfield code="2">lcc</subfield>
  </datafield>
  <datafield tag="952" ind1=" " ind2=" ">
    <subfield code="0">0</subfield>
    <subfield code="1">0</subfield>
    <subfield code="2">alc</subfield>
    <subfield code="4">0</subfield>
    <subfield code="7">0</subfield>
    <subfield code="a">ENAL</subfield>
    <subfield code="b">ENAL</subfield>
    <subfield code="d">2020-01-29</subfield>
    <subfield code="l">0</subfield>
    <subfield code="o">ART MJAR V35 No6 15</subfield>
    <subfield code="r">2020-01-29 00:00:00</subfield>
    <subfield code="w">2020-01-29</subfield>
    <subfield code="y">AR</subfield>
  </datafield>
  <datafield tag="999" ind1=" " ind2=" ">
    <subfield code="c">44315</subfield>
    <subfield code="d">44315</subfield>
  </datafield>
</record>
